[Event "17. Europa ch Juvenil - Masculino s16"]
[Site "Sibenik CRO"]
[Date "2007.09.16"]
[Round "3.37"]
[White "Pomaro, Alberto"]
[Black "Buhin, Denis"]
[Result "1-0"]
[WhiteElo "2149"]
[BlackElo "1943"]
[PlyCount "53"]
[EventDate "2007.09.14"]
[EventType "swiss"]
[EventRounds "9"]
[EventCountry "CRO"]
[Source "lmi"]
[SourceDate "2007.09.14"]

1. d4 d5 2. c4 e6 3. Nc3 Nf6 4. Bg5 Be7 5. e3 O-O 6. Nf3 h6 7. Bh4 b6 8. cxd5
Nxd5 9. Bxe7 Qxe7 10. Bd3 Bb7 11. O-O Nd7 12. e4 Nb4 13. Bb1 c5 14. a3 cxd4 15.
Qxd4 Nc6 16. Qe3 Nde5 17. Nxe5 Nxe5 18. Qe2 Rfd8 19. Ba2 Rd4 20. f4 Qc5 21. Kh1
Nd3 22. f5 e5 23. Qh5 Rf8 24. f6 Nf4 25. Qg4 g6 26. Rxf4 Kh7 27. Rf3 1-0

[Event "17. Europa ch Juvenil - Masculino s16"]
[Site "Sibenik CRO"]
[Date "2007.09.16"]
[Round "3.38"]
[White "Orndahl, Markus"]
[Black "Boje, Tobias"]
[Result "1-0"]
[WhiteElo "2078"]
[BlackElo "1931"]
[PlyCount "97"]
[EventDate "2007.09.14"]
[EventType "swiss"]
[EventRounds "9"]
[EventCountry "CRO"]
[Source "lmi"]
[SourceDate "2007.09.14"]

1. e4 e5 2. Nf3 Nc6 3. Bb5 Nf6 4. d3 d6 5. O-O Be7 6. c3 O-O 7. Nbd2 Bg4 8. h3
Bh5 9. Re1 Nb8 10. Nf1 c6 11. Ba4 Nbd7 12. Ng3 Bg6 13. Bc2 Nh5 14. Nxe5 Nxg3
15. Nxg6 hxg6 16. fxg3 Re8 17. Kh2 Nf6 18. Qf3 Qd7 19. Bd2 d5 20. e5 Nh7 21. d4
Ng5 22. Bxg5 Bxg5 23. h4 Bd8 24. h5 gxh5 25. Qxh5 g6 26. Qh6 Qg4 27. Qh3 Qxh3+
28. gxh3 Kg7 29. Re2 Bc7 30. Rf1 Re6 31. Ref2 Rf8 32. Kg2 Bd8 33. h4 a6 34. Rf4
Bc7 35. Rg4 Rh8 36. Bf5 Re7 37. e6 Kh6 38. exf7 gxf5 39. Rg8 Rxf7 40. Rxh8+ Kg7
41. Rh5 f4 42. Rg5+ Kh6 43. gxf4 Bd8 44. Kg3 Rf8 45. Re5 Rg8+ 46. Kh3 Rf8 47.
f5 Bc7 48. Re6+ Kh5 49. Re7 1-0

[Event "17. Europa ch Juvenil - Masculino s16"]
[Site "Sibenik CRO"]
[Date "2007.09.16"]
[Round "3.39"]
[White "Muheim, Sebastian"]
[Black "Stocko, Josip"]
[Result "1-0"]
[WhiteElo "2005"]
[BlackElo "1874"]
[PlyCount "87"]
[EventDate "2007.09.14"]
[EventType "swiss"]
[EventRounds "9"]
[EventCountry "CRO"]
[Source "lmi"]
[SourceDate "2007.09.14"]

1. e4 c5 2. Nf3 e6 3. c3 Nc6 4. d4 cxd4 5. cxd4 Nf6 6. e5 Nd5 7. Bc4 Nb6 8. Bd3
d6 9. O-O dxe5 10. dxe5 Nb4 11. Be4 Qxd1 12. Rxd1 Rb8 13. Nc3 Bd7 14. Be3 Bc6
15. Bxc6+ bxc6 16. Ne4 Nc2 17. Rac1 Nxe3 18. fxe3 c5 19. Nxc5 Bxc5 20. Rxc5 Na4
21. Rc2 O-O 22. b3 Nb6 23. e4 Rfd8 24. Rxd8+ Rxd8 25. Rc7 Rd7 26. Rxd7 Nxd7 27.
Kf2 Kf8 28. Ke3 Ke7 29. Kd4 f6 30. a4 Nb6 31. exf6+ gxf6 32. Kc5 Kd7 33. a5 Nc8
34. e5 f5 35. b4 h6 36. b5 Kc7 37. Nd4 Kd7 38. b6 axb6+ 39. axb6 Ne7 40. b7 Kc7
41. b8=Q+ Kxb8 42. Nc6+ Nxc6 43. Kxc6 h5 44. h4 1-0

[Event "17. Europa ch Juvenil - Masculino s16"]
[Site "Sibenik CRO"]
[Date "2007.09.17"]
[Round "4.1"]
[White "Hamitevici, Vladimir"]
[Black "Lavrik, Dmitry"]
[Result "0-1"]
[WhiteElo "2333"]
[BlackElo "2371"]
[PlyCount "102"]
[EventDate "2007.09.14"]
[EventType "swiss"]
[EventRounds "9"]
[EventCountry "CRO"]
[Source "lmi"]
[SourceDate "2007.09.14"]

1. d4 Nf6 2. c4 g6 3. Nc3 d5 4. Nf3 Bg7 5. Qb3 dxc4 6. Qxc4 O-O 7. e4 a6 8. Bf4
b5 9. Qxc7 Qxc7 10. Bxc7 Bb7 11. e5 Nd5 12. Ba5 Nf4 13. Rd1 Nc6 14. Bb6 f6 15.
Bc5 fxe5 16. d5 Nd4 17. Nxd4 exd4 18. Bxd4 Rad8 19. Bxg7 Kxg7 20. f3 b4 21. Ne2
Nxd5 22. Kf2 Nc7 23. Rc1 Nb5 24. Ke3 Bd5 25. Nf4 Bxa2 26. Bxb5 axb5 27. Rhd1
Rxd1 28. Rxd1 Rc8 29. Nd3 Bb3 30. Rc1 Rxc1 31. Nxc1 Bc4 32. b3 Bf7 33. Kd4 Kf6
34. Kc5 Kf5 35. Kxb5 Kf4 36. Kxb4 Ke3 37. Kc3 Kf2 38. Kd4 Kxg2 39. b4 Kxh2 40.
Nd3 Be8 41. Ne5 Kg3 42. Ke4 h5 43. b5 Bxb5 44. Nxg6 h4 45. Nxe7 h3 46. Nf5+ Kf2
47. Kf4 h2 48. Ng3 Bd7 49. Nh1+ Kg2 50. Ke3 Kxh1 51. Kf2 Bb5 0-1

[Event "17. Europa ch Juvenil - Masculino s16"]
[Site "Sibenik CRO"]
[Date "2007.09.17"]
[Round "4.2"]
[White "Lomsadze, Davit"]
[Black "Salgado Lopez, Ivan"]
[Result "1-0"]
[WhiteElo "2305"]
[BlackElo "2456"]
[PlyCount "127"]
[EventDate "2007.09.14"]
[EventType "swiss"]
[EventRounds "9"]
[EventCountry "CRO"]
[Source "lmi"]
[SourceDate "2007.09.14"]

1. e4 c5 2. Nf3 d6 3. g3 Nf6 4. d3 Nc6 5. Bg2 g6 6. O-O Bg7 7. Nbd2 O-O 8. Re1
Rb8 9. Nf1 Bg4 10. Ne3 Bxf3 11. Bxf3 b5 12. Bg2 e6 13. a4 b4 14. f4 Nd4 15. Rb1
Qd7 16. Bd2 Qxa4 17. e5 dxe5 18. fxe5 Nd5 19. Nxd5 exd5 20. c3 Qxd1 21. Rbxd1
Nc2 22. Re2 d4 23. Bf4 b3 24. e6 fxe6 25. Bxb8 Rxb8 26. c4 Kf7 27. Bh3 e5 28.
Rf1+ Ke7 29. Bg2 Rb6 30. Bd5 Bf6 31. Rc1 Ne3 32. Ra1 Nxd5 33. Rxa7+ Kd6 34.
cxd5 Kxd5 35. Kg2 Bg5 36. Rd7+ Ke6 37. Rxh7 c4 38. dxc4 d3 39. Re1 Rc6 40. h4
Bf6 41. Rb7 Rxc4 42. Rxb3 Rc2+ 43. Kf3 g5 44. Rb6+ Kf7 45. h5 g4+ 46. Kxg4 e4
47. Rf1 d2 48. Rbxf6+ Ke7 49. R6f4 Rc1 50. Rxe4+ Kd6 51. Rd4+ Ke5 52. Rxd2 Rxf1
53. Kg5 Rf5+ 54. Kg6 Rf6+ 55. Kg7 Rf3 56. g4 Rg3 57. Re2+ Kf4 58. Re6 Rb3 59.
h6 Rb7+ 60. Kg6 Rxb2 61. h7 Rb8 62. g5 Ra8 63. Rf6+ Kg4 64. Kh6 1-0

[Event "17. Europa ch Juvenil - Masculino s16"]
[Site "Sibenik CRO"]
[Date "2007.09.17"]
[Round "4.3"]
[White "Bregadze, Levan"]
[Black "Durarbeyli, Vasif"]
[Result "1-0"]
[WhiteElo "2324"]
[BlackElo "2417"]
[PlyCount "71"]
[EventDate "2007.09.14"]
[EventType "swiss"]
[EventRounds "9"]
[EventCountry "CRO"]
[Source "lmi"]
[SourceDate "2007.09.14"]

1. d4 Nf6 2. c4 c5 3. e3 e6 4. Nc3 cxd4 5. exd4 Bb4 6. Nf3 d5 7. cxd5 exd5 8.
Qa4+ Nc6 9. Bb5 Qe7+ 10. Be3 O-O 11. O-O Bxc3 12. bxc3 Ne4 13. Bxc6 bxc6 14.
Ne5 c5 15. Qa3 Re8 16. f3 cxd4 17. Qxe7 Rxe7 18. Bxd4 Nd2 19. Rfd1 Nc4 20. Nxc4
dxc4 21. Bxa7 Bf5 22. Bf2 Re2 23. a4 Bc2 24. Rd4 Bb3 25. a5 Rc2 26. Be1 Kf8 27.
a6 Re2 28. Bg3 Re3 29. Bd6+ Kg8 30. Bb4 Re2 31. a7 h6 32. Rd7 Bc2 33. Rb7 Ree8
34. Bd6 Bf5 35. Rb8 Be6 36. Rxe8+ 1-0

[Event "17. Europa ch Juvenil - Masculino s16"]
[Site "Sibenik CRO"]
[Date "2007.09.17"]
[Round "4.4"]
[White "Recuero Guerra, David"]
[Black "Goganov, Aleksey"]
[Result "1/2-1/2"]
[WhiteElo "2378"]
[BlackElo "2309"]
[PlyCount "60"]
[EventDate "2007.09.14"]
[EventType "swiss"]
[EventRounds "9"]
[EventCountry "CRO"]
[Source "lmi"]
[SourceDate "2007.09.14"]

1. e4 e5 2. Nf3 Nc6 3. Bb5 a6 4. Ba4 Nf6 5. O-O Be7 6. Re1 b5 7. Bb3 O-O 8. c3
d5 9. d4 Nxe4 10. dxe5 Be6 11. Be3 Qd7 12. Nbd2 Nc5 13. Bc2 Bg4 14. Qb1 h6 15.
h3 Be6 16. b4 Na4 17. Bxa4 bxa4 18. Qc2 Bf5 19. Qxa4 Nxe5 20. Qxd7 Nxd7 21. Nd4
Be6 22. N2b3 c5 23. bxc5 Rfc8 24. c6 Nb8 25. Bd2 Nxc6 26. Nxe6 fxe6 27. Rxe6
Kf7 28. Rae1 Rd8 29. h4 Nb4 30. Nd4 Nxa2 1/2-1/2

[Event "17. Europa ch Juvenil - Masculino s16"]
[Site "Sibenik CRO"]
[Date "2007.09.17"]
[Round "4.5"]
[White "Leniart, Arkadiusz"]
[Black "Rasulov, Vugar"]
[Result "0-1"]
[WhiteElo "2357"]
[BlackElo "2297"]
[PlyCount "86"]
[EventDate "2007.09.14"]
[EventType "swiss"]
[EventRounds "9"]
[EventCountry "CRO"]
[Source "lmi"]
[SourceDate "2007.09.14"]

1. d4 Nf6 2. c4 c5 3. d5 e5 4. Nc3 d6 5. e4 Be7 6. Bd3 O-O 7. h3 a6 8. a4 Nbd7
9. g4 Ne8 10. Nf3 g6 11. Bh6 Ng7 12. Qd2 Nf6 13. O-O-O Kh8 14. Rdg1 Bd7 15. Be3
Qc8 16. Qe2 Ng8 17. Nd2 f5 18. exf5 gxf5 19. f4 e4 20. Bc2 Nh6 21. Bf2 Qe8 22.
gxf5 Ngxf5 23. Qxe4 b5 24. Nf3 b4 25. Ne2 Bxa4 26. Ng5 Bxg5 27. fxg5 Bxc2 28.
Qxc2 Ne3 29. Bxe3 Qxe3+ 30. Qd2 Nf5 31. g6 Rg8 32. gxh7 Kxh7 33. Rg4 Rae8 34.
Nf4 Qe4 35. Ng2 Qe5 36. Re1 Qf6 37. Rf1 Re5 38. Ne3 Rxe3 39. Rxg8 Ra3 40. bxa3
Qa1+ 41. Kc2 Nd4+ 42. Kd3 Qxf1+ 43. Ke4 Qf3# 0-1

[Event "17. Europa ch Juvenil - Masculino s16"]
[Site "Sibenik CRO"]
[Date "2007.09.17"]
[Round "4.6"]
[White "Roganovic, Milos"]
[Black "Sieciechowicz, Marcin"]
[Result "1-0"]
[WhiteElo "2329"]
[BlackElo "2214"]
[PlyCount "81"]
[EventDate "2007.09.14"]
[EventType "swiss"]
[EventRounds "9"]
[EventCountry "CRO"]
[Source "lmi"]
[SourceDate "2007.09.14"]

1. e4 e6 2. d4 d5 3. Nd2 Nf6 4. e5 Nfd7 5. Bd3 c5 6. c3 Nc6 7. Ne2 cxd4 8. cxd4
f6 9. exf6 Qxf6 10. Nf3 Bd6 11. Bg5 Qf7 12. Bh4 e5 13. Nc3 e4 14. Ng5 Qf4 15.
g3 Qf5 16. Ngxe4 dxe4 17. Bxe4 Qf7 18. Bd5 Qg6 19. Qe2+ Ne7 20. O-O-O Nf6 21.
Rhe1 Bg4 22. f3 Bf5 23. Qb5+ Kf8 24. Bb3 Qh6+ 25. f4 Bg4 26. Rd3 b6 27. Rde3
Rc8 28. Kb1 Qg6+ 29. Ka1 Qf5 30. Qa6 Qa5 31. Qb7 Rb8 32. Qg2 Nf5 33. Rd3 Nxh4
34. gxh4 Qf5 35. Rde3 Qxf4 36. Nd5 Nxd5 37. Qxd5 h5 38. h3 Bb4 39. hxg4 hxg4
40. Qd7 Bxe1 41. Qe7# 1-0

[Event "17. Europa ch Juvenil - Masculino s16"]
[Site "Sibenik CRO"]
[Date "2007.09.17"]
[Round "4.7"]
[White "Yilmaz, Mustafa"]
[Black "Onischuk, Vladimir"]
[Result "1-0"]
[WhiteElo "2204"]
[BlackElo "2506"]
[PlyCount "119"]
[EventDate "2007.09.14"]
[EventType "swiss"]
[EventRounds "9"]
[EventCountry "CRO"]
[Source "lmi"]
[SourceDate "2007.09.14"]

1. e4 c5 2. Nf3 d6 3. d4 cxd4 4. Nxd4 Nf6 5. Nc3 a6 6. Bg5 e6 7. f4 Nbd7 8. Qf3
Qc7 9. O-O-O b5 10. Bxf6 Nxf6 11. e5 Bb7 12. Qh3 dxe5 13. Ncxb5 axb5 14. Bxb5+
Ke7 15. fxe5 Qxe5 16. Rhe1 Qf4+ 17. Kb1 Bd5 18. Bc6 Ra5 19. Bxd5 Rxd5 20. Qa3+
Kd7 21. Qa4+ Kc8 22. Qa6+ Kd7 23. c4 Rxd4 24. Qa7+ Kc6 25. Rxd4 Qf5+ 26. Ka1
Bc5 27. Qa6+ Kc7 28. Qa5+ Bb6 29. Qxf5 exf5 30. Re7+ Kc6 31. Rd1 Re8 32. Rxe8
Nxe8 33. b4 Be3 34. Kb2 f4 35. Kb3 g5 36. c5 g4 37. Kc4 Nc7 38. Rd6+ Kb7 39.
Rf6 h5 40. Rxf7 Kc8 41. a4 h4 42. Rh7 f3 43. gxf3 gxf3 44. Kd3 Nd5 45. Rxh4 Bg1
46. h3 Kd7 47. Rc4 Ke6 48. c6 Bh2 49. b5 Bc7 50. Rc1 Ke5 51. Rf1 Kf4 52. Kd4
Nf6 53. Kc5 Ne4+ 54. Kb4 Nd2 55. Rxf3+ Kxf3 56. a5 Ne4 57. b6 Bd6+ 58. Kb5 Nc3+
59. Kc4 Ne4 60. c7 1-0

[Event "17. Europa ch Juvenil - Masculino s16"]
[Site "Sibenik CRO"]
[Date "2007.09.17"]
[Round "4.8"]
[White "Mammadov, Ayaz"]
[Black "Feller, Sebastien"]
[Result "0-1"]
[WhiteElo "2237"]
[BlackElo "2476"]
[PlyCount "106"]
[EventDate "2007.09.14"]
[EventType "swiss"]
[EventRounds "9"]
[EventCountry "CRO"]
[Source "lmi"]
[SourceDate "2007.09.14"]

1. e4 c5 2. Nf3 e6 3. d4 cxd4 4. Nxd4 a6 5. Bd3 d5 6. exd5 Qxd5 7. O-O Nd7 8.
Nf3 Ngf6 9. Qe2 Qd6 10. c4 Qc7 11. Nc3 Be7 12. Bd2 O-O 13. Ne4 b6 14. Bc3 Bb7
15. Neg5 Bd6 16. Rad1 h6 17. Ne4 Be7 18. Rfe1 Rad8 19. Bb1 Nxe4 20. Bxe4 Bxe4
21. Qxe4 Bf6 22. Bxf6 Nxf6 23. Qe2 g5 24. Qe5 Qxe5 25. Nxe5 b5 26. f3 bxc4 27.
Nxc4 Nd5 28. Ne3 Nf4 29. g3 Nd3 30. Re2 Ne5 31. Kg2 Kg7 32. Red2 Rb8 33. Rc1
Rfc8 34. Rxc8 Rxc8 35. Kf2 h5 36. Ke2 g4 37. fxg4 hxg4 38. Rc2 Rh8 39. Kf1 f5
40. Kg2 Kf6 41. Nf1 Nd3 42. Kg1 Nb4 43. Rc4 Nxa2 44. Ra4 Nc1 45. Rxa6 Rb8 46.
b4 Rxb4 47. h3 gxh3 48. Kh2 Rb2+ 49. Kxh3 Nd3 50. Ne3 Nf2+ 51. Kh4 Ne4 52. Nf1
Rf2 53. Ra1 Nd2 0-1

[Event "17. Europa ch Juvenil - Masculino s16"]
[Site "Sibenik CRO"]
[Date "2007.09.17"]
[Round "4.9"]
[White "Georgescu, Tiberiu"]
[Black "Baron, Tal"]
[Result "1-0"]
[WhiteElo "2385"]
[BlackElo "2232"]
[PlyCount "95"]
[EventDate "2007.09.14"]
[EventType "swiss"]
[EventRounds "9"]
[EventCountry "CRO"]
[Source "lmi"]
[SourceDate "2007.09.14"]

1. Nf3 Nf6 2. c4 g6 3. Nc3 d5 4. Qa4+ Bd7 5. Qb3 dxc4 6. Qxc4 a6 7. d4 b5 8.
Qb3 Bg7 9. e4 c5 10. dxc5 O-O 11. Be2 Bc6 12. e5 Nfd7 13. O-O Nxc5 14. Qa3 Nbd7
15. Rd1 Qc7 16. Be3 Ne6 17. Rac1 Qb7 18. Qxe7 Nxe5 19. Qxb7 Bxb7 20. Ng5 Nxg5
21. Bxg5 h6 22. Be7 Rfe8 23. Bc5 Rac8 24. b4 Bf8 25. f4 Bxc5+ 26. bxc5 Nc4 27.
Bxc4 bxc4 28. Rd7 Bc6 29. Rd6 Bb7 30. Rd7 Bc6 31. Ra7 Ra8 32. Rxa8 Bxa8 33. Rb1
a5 34. Kf2 Rd8 35. Rd1 Rb8 36. Rd6 Rb2+ 37. Ke3 Bxg2 38. c6 Bh3 39. c7 Rxh2 40.
Nd5 Kg7 41. Ne7 Bg4 42. f5 gxf5 43. Kf4 Rf2+ 44. Kg3 Rf3+ 45. Kg2 f4 46. Nf5+
Bxf5 47. Kxf3 c3 48. Rd8 1-0

[Event "17. Europa ch Juvenil - Masculino s16"]
[Site "Sibenik CRO"]
[Date "2007.09.17"]
[Round "4.10"]
[White "Bulanov, Dmitri"]
[Black "Kosov, Ivan"]
[Result "0-1"]
[WhiteElo "2220"]
[BlackElo "2379"]
[PlyCount "108"]
[EventDate "2007.09.14"]
[EventType "swiss"]
[EventRounds "9"]
[EventCountry "CRO"]
[Source "lmi"]
[SourceDate "2007.09.14"]

1. f4 c5 2. Nf3 Nc6 3. g3 g6 4. Bg2 Bg7 5. O-O e6 6. e4 Nge7 7. Nc3 O-O 8. d3
d6 9. Be3 Nd4 10. e5 Nef5 11. Bf2 Nxf3+ 12. Qxf3 Nd4 13. Qd1 dxe5 14. fxe5 Bxe5
15. Ne4 Qc7 16. c3 Nf5 17. Nxc5 Rb8 18. d4 Bg7 19. Ne4 h5 20. Qe2 b6 21. Rae1
Bb7 22. Ng5 Bxg2 23. Kxg2 Rbd8 24. Nf3 Rd5 25. h3 b5 26. g4 Nh6 27. Qe4 Qc4 28.
a3 hxg4 29. hxg4 Rd7 30. Qf4 f5 31. g5 Ng4 32. Bg3 Qc6 33. Kg1 a5 34. Nh4 Kh7
35. Qf3 Rc8 36. Kg2 b4 37. axb4 axb4 38. Rh1 Kg8 39. Qxc6 Rxc6 40. Nxg6 bxc3
41. bxc3 Rxc3 42. Rxe6 Bxd4 43. Re7 Ne3+ 44. Kh2 Rxe7 45. Nxe7+ Kf7 46. Bd6 Ke6
47. Nxf5 Kxf5 48. Rb1 Kg4 49. g6 Nf5 50. Bb8 Rc2+ 51. Kh1 Ng3+ 52. Bxg3 Kxg3
53. Rb3+ Bc3 54. Rb1 Rh2+ 0-1

[Event "17. Europa ch Juvenil - Masculino s16"]
[Site "Sibenik CRO"]
[Date "2007.09.17"]
[Round "4.11"]
[White "Pavlidis, Anastasios"]
[Black "Piorun, Kacper"]
[Result "1-0"]
[WhiteElo "2182"]
[BlackElo "2359"]
[PlyCount "77"]
[EventDate "2007.09.14"]
[EventType "swiss"]
[EventRounds "9"]
[EventCountry "CRO"]
[Source "lmi"]
[SourceDate "2007.09.14"]

1. d4 Nf6 2. c4 g6 3. Nc3 Bg7 4. e4 d6 5. Nf3 O-O 6. h3 c5 7. d5 e6 8. Bd3 exd5
9. exd5 Re8+ 10. Be3 Nbd7 11. O-O Nh5 12. Qd2 Ne5 13. Nxe5 Bxe5 14. Rae1 Bd7
15. f4 Bg7 16. f5 Qh4 17. Ne2 Qe7 18. Bg5 Qe5 19. Nc3 Qd4+ 20. Be3 Bh6 21. Bxd4
Bxd2 22. Rxe8+ Rxe8 23. fxg6 hxg6 24. Bf2 Nf4 25. Rd1 Be3 26. Bf1 Bxf2+ 27.
Kxf2 a6 28. Kf3 Nh5 29. Ne4 Re5 30. g4 f5 31. Nxd6 fxg4+ 32. hxg4 Nf6 33. Bh3
b6 34. Rg1 Kg7 35. Rh1 Kf8 36. g5 Rxg5 37. Bxd7 Ke7 38. Ne4 Nxe4 39. Rh7+ 1-0

[Event "17. Europa ch Juvenil - Masculino s16"]
[Site "Sibenik CRO"]
[Date "2007.09.17"]
[Round "4.13"]
[White "Ivanov L, Stojan"]
[Black "Jorczik, Julian"]
[Result "1/2-1/2"]
[WhiteElo "2149"]
[BlackElo "2333"]
[PlyCount "133"]
[EventDate "2007.09.14"]
[EventType "swiss"]
[EventRounds "9"]
[EventCountry "CRO"]
[Source "lmi"]
[SourceDate "2007.09.14"]

1. e4 c5 2. Nf3 Nc6 3. d4 cxd4 4. Nxd4 Qb6 5. Nb3 Nf6 6. Nc3 e6 7. Be3 Qc7 8.
Bd3 d6 9. O-O a6 10. f4 Be7 11. Qf3 O-O 12. Qg3 b5 13. Rae1 Nd7 14. Qh3 Nb4 15.
Rc1 Qb8 16. Nd4 Nc5 17. Be2 Bf6 18. Qg3 Qc7 19. a3 Nc6 20. Nxc6 Bxc3 21. Bxc5
Qxc6 22. Qxc3 Qxc5+ 23. Qxc5 dxc5 24. Bf3 Bb7 25. Rcd1 Rfd8 26. Kf2 f6 27. e5
Bxf3 28. Kxf3 fxe5 29. fxe5 Kf7 30. Ke4+ Ke7 31. c3 a5 32. b3 b4 33. axb4 cxb4
34. c4 Rxd1 35. Rxd1 a4 36. bxa4 Rxa4 37. Rb1 Kd7 38. Rb2 Kc6 39. Kd4 h5 40.
Rf2 Ra7 41. Rf8 Rb7 42. Rc8+ Rc7 43. Rb8 Rd7+ 44. Ke3 Rb7 45. Rc8+ Rc7 46. Re8
Kd7 47. Rg8 Rxc4 48. Rxg7+ Kc6 49. Rg8 Kd5 50. Rh8 Rg4 51. g3 Kc4 52. Rc8+ Kb3
53. Kd3 h4 54. gxh4 Rxh4 55. Rc6 Rh6 56. h4 Kb2 57. Rb6 b3 58. h5 Rxh5 59. Rxe6
Rh3+ 60. Ke4 Kc2 61. Rb6 Rh4+ 62. Kd5 Kc3 63. Rc6+ Kd3 64. Rb6 Rd4+ 65. Kc5
Rc4+ 66. Kd6 Kc3 67. e6 1/2-1/2

[Event "17. Europa ch Juvenil - Masculino s16"]
[Site "Sibenik CRO"]
[Date "2007.09.17"]
[Round "4.14"]
[White "Nuri, Kambez"]
[Black "Krejci, Jan"]
[Result "0-1"]
[WhiteElo "2142"]
[BlackElo "2315"]
[PlyCount "64"]
[EventDate "2007.09.14"]
[EventType "swiss"]
[EventRounds "9"]
[EventCountry "CRO"]
[Source "lmi"]
[SourceDate "2007.09.14"]

1. e4 e5 2. Nf3 Nc6 3. d4 exd4 4. Nxd4 Bc5 5. Be3 Qf6 6. Nb5 Bxe3 7. fxe3 Qh4+
8. g3 Qd8 9. Qg4 Kf8 10. Qf4 d6 11. N1c3 Ne5 12. Be2 Nf6 13. O-O-O Bg4 14. h3
Bxe2 15. Nxe2 Ng6 16. Qf3 Ne5 17. Qf4 Qe7 18. Nec3 Re8 19. Rhf1 Ng6 20. Qf3 h6
21. Nd4 Kg8 22. Nf5 Qe5 23. g4 Ne7 24. Nd4 Qg5 25. Ndb5 Qc5 26. h4 Ng6 27. Rd5
Nxd5 28. Qxf7+ Kh7 29. Nxd5 Rhf8 30. Nf6+ Kh8 31. Qxg6 Qxe3+ 32. Kb1 Qxe4 0-1

[Event "17. Europa ch Juvenil - Masculino s16"]
[Site "Sibenik CRO"]
[Date "2007.09.17"]
[Round "4.15"]
[White "Soors, Stef"]
[Black "Golichenko, Ilija"]
[Result "0-1"]
[WhiteElo "2126"]
[BlackElo "2306"]
[PlyCount "100"]
[EventDate "2007.09.14"]
[EventType "swiss"]
[EventRounds "9"]
[EventCountry "CRO"]
[Source "lmi"]
[SourceDate "2007.09.14"]

1. d4 Nf6 2. c4 e6 3. Nc3 Bb4 4. e3 O-O 5. Nge2 d5 6. a3 Be7 7. cxd5 exd5 8. b4
c6 9. Ng3 b5 10. Bd2 a5 11. bxa5 Rxa5 12. a4 bxa4 13. Rxa4 Rxa4 14. Nxa4 g6 15.
Qc2 h5 16. Bd3 Kg7 17. O-O Bd6 18. Nc5 Rh8 19. e4 h4 20. Ne2 Bxc5 21. dxc5 dxe4
22. Bc4 Nbd7 23. Nd4 Nxc5 24. Nxc6 Qd6 25. Na7 Ng4 26. Bc3+ f6 27. g3 Nxh2 28.
Rd1 Nf3+ 29. Kf1 Bh3+ 30. Ke2 Qb6 31. Nb5 hxg3 32. Rd6 Qxd6 33. Nxd6 g2 34.
Bxf6+ Kxf6 35. Qc3+ Ke7 36. Nxe4 Nxe4 37. Qg7+ Kd6 38. Kxf3 Ng5+ 39. Kf4 Rh4+
40. Ke3 Re4+ 41. Kd3 Bf5 42. Qf8+ Re7+ 43. Kc3 g1=Q 44. Qb8+ Rc7 45. Qd8+ Bd7
46. Qf8+ Kc6 47. Qa8+ Kd6 48. Qf8+ Ke5 49. Qh8+ Kf5 50. Qf8+ Kg4 0-1

[Event "17. Europa ch Juvenil - Masculino s16"]
[Site "Sibenik CRO"]
[Date "2007.09.17"]
[Round "4.16"]
[White "Huschenbeth, Niclas"]
[Black "Poleshchuk, Dmitriy"]
[Result "1-0"]
[WhiteElo "2306"]
[BlackElo "2073"]
[PlyCount "49"]
[EventDate "2007.09.14"]
[EventType "swiss"]
[EventRounds "9"]
[EventCountry "CRO"]
[Source "lmi"]
[SourceDate "2007.09.14"]

1. e4 c5 2. Nf3 d6 3. d4 cxd4 4. Nxd4 Nf6 5. Nc3 Nc6 6. Bg5 e6 7. Qd2 a6 8.
O-O-O h6 9. Nxc6 bxc6 10. Bf4 d5 11. Qe3 Be7 12. Kb1 Qa5 13. Be2 Qb4 14. a3 Qb7
15. Ka2 O-O 16. e5 Nd7 17. Qg3 Kh8 18. Qh3 f6 19. Bxh6 Nxe5 20. Bd3 Nxd3 21.
Rxd3 e5 22. Qh5 gxh6 23. Qxh6+ Kg8 24. Qg6+ Kh8 25. Qh5+ 1-0

[Event "17. Europa ch Juvenil - Masculino s16"]
[Site "Sibenik CRO"]
[Date "2007.09.17"]
[Round "4.18"]
[White "Alonso Rosell, Alvar"]
[Black "Plaskan, Jure"]
[Result "1-0"]
[WhiteElo "2285"]
[BlackElo "2061"]
[PlyCount "47"]
[EventDate "2007.09.14"]
[EventType "swiss"]
[EventRounds "9"]
[EventCountry "CRO"]
[Source "lmi"]
[SourceDate "2007.09.14"]

1. d4 Nf6 2. c4 c5 3. d5 b5 4. Qc2 Bb7 5. e4 bxc4 6. Bxc4 e6 7. Nc3 exd5 8.
exd5 Be7 9. Nge2 O-O 10. O-O d6 11. Ng3 Nfd7 12. Bd3 g6 13. Bh6 Re8 14. f4 Qb6
15. Be4 Na6 16. f5 c4+ 17. Kh1 Nb4 18. Qd2 Bf6 19. fxg6 hxg6 20. Be3 Qd8 21.
Bd4 Nd3 22. Bxd3 cxd3 23. Qf4 d2 24. Nge4 1-0

[Event "17. Europa ch Juvenil - Masculino s16"]
[Site "Sibenik CRO"]
[Date "2007.09.17"]
[Round "4.20"]
[White "Lehmann, Marco"]
[Black "Ketzetzis, Georgios"]
[Result "1-0"]
[WhiteElo "2279"]
[BlackElo "2045"]
[PlyCount "87"]
[EventDate "2007.09.14"]
[EventType "swiss"]
[EventRounds "9"]
[EventCountry "CRO"]
[Source "lmi"]
[SourceDate "2007.09.14"]

1. e4 c6 2. d4 d5 3. Nc3 dxe4 4. Nxe4 Nd7 5. Ng5 Ngf6 6. Bd3 e6 7. N1f3 Bd6 8.
Qe2 h6 9. Ne4 Nxe4 10. Qxe4 Qc7 11. Qg4 Kf8 12. Qh4 b6 13. O-O Bb7 14. Re1 c5
15. Be4 Bxe4 16. Qxe4 Rd8 17. dxc5 bxc5 18. b3 Ne5 19. Bb2 Nxf3+ 20. Qxf3 Kg8
21. h3 h5 22. Rad1 Rh6 23. Rd3 e5 24. Rde3 Re8 25. Qf5 Rhe6 26. Qxh5 e4 27. Qg4
Be5 28. Bxe5 Qxe5 29. f4 Qd5 30. f5 Ra6 31. Rxe4 Rxe4 32. Qxe4 Qxe4 33. Rxe4
Rxa2 34. Rc4 Ra5 35. g4 Kf8 36. Ra4 Rxa4 37. bxa4 Ke7 38. Kf2 Kd6 39. Ke3 Ke5
40. c4 a5 41. h4 f6 42. h5 Kd6 43. Ke4 Kc6 44. g5 1-0

[Event "17. Europa ch Juvenil - Masculino s16"]
[Site "Sibenik CRO"]
[Date "2007.09.17"]
[Round "4.21"]
[White "Nitelea, Barbu Alexandru"]
[Black "Narmontas, Matas"]
[Result "0-1"]
[WhiteElo "2012"]
[BlackElo "2327"]
[PlyCount "60"]
[EventDate "2007.09.14"]
[EventType "swiss"]
[EventRounds "9"]
[EventCountry "CRO"]
[Source "lmi"]
[SourceDate "2007.09.14"]

1. e4 c5 2. Nf3 Nc6 3. c3 e6 4. d4 d5 5. exd5 Qxd5 6. Be3 cxd4 7. cxd4 Nf6 8.
a3 Be7 9. Nc3 Qd8 10. Bd3 O-O 11. O-O b6 12. Re1 Bb7 13. Bc2 Nb8 14. Ne5 Nbd7
15. f4 Bd6 16. Qd3 g6 17. Rad1 Nd5 18. Ne4 N7f6 19. Ng5 Nh5 20. g3 Ng7 21. Bc1
Rc8 22. g4 Be7 23. Nxh7 Rxc2 24. Nxf8 Rg2+ 25. Kf1 Bxf8 26. Qh3 Rc2 27. Nf3 Be7
28. Qh6 Nf6 29. Ng5 Qd5 30. Re4 Qc4+ 0-1

[Event "17. Europa ch Juvenil - Masculino s16"]
[Site "Sibenik CRO"]
[Date "2007.09.17"]
[Round "4.23"]
[White "Martinovic, Sasa"]
[Black "Weber, Christoph"]
[Result "1-0"]
[WhiteElo "2371"]
[BlackElo "2131"]
[PlyCount "95"]
[EventDate "2007.09.14"]
[EventType "swiss"]
[EventRounds "9"]
[EventCountry "CRO"]
[Source "lmi"]
[SourceDate "2007.09.14"]

1. Nf3 Nf6 2. g3 g6 3. Bg2 Bg7 4. O-O O-O 5. c4 d6 6. d4 Nbd7 7. Nc3 e5 8. e4
c6 9. h3 Qc7 10. Be3 Re8 11. Qc2 a5 12. Rad1 b6 13. Rfe1 Ba6 14. b3 Rad8 15.
Rc1 Nf8 16. d5 c5 17. Nd2 Qe7 18. a3 Ra8 19. Rb1 Rec8 20. Bf1 Ne8 21. Rb2 Nd7
22. Ra1 Qf8 23. h4 Nc7 24. Bh3 Qd8 25. b4 axb4 26. axb4 Rcb8 27. Rab1 Bc8 28.
Nb5 Bf8 29. Bg5 f6 30. Nxc7 Qxc7 31. Bxd7 Bxd7 32. Bxf6 h6 33. f4 Ra3 34. Kh2
cxb4 35. Nb3 Ba4 36. h5 b5 37. c5 exf4 38. gxf4 Qf7 39. e5 dxc5 40. Rg1 g5 41.
Rg3 Bxb3 42. Rbxb3 Rxb3 43. Qxb3 Qxh5+ 44. Kg1 c4 45. Qb1 Bc5+ 46. Kg2 Ra8 47.
Bxg5 b3 48. Be7+ 1-0